Por querer ser Chile se puede llegar a ser Venezuela

Zapisane w:
Opis bibliograficzny
Format: Texto
Etykiety: Dodaj etykietę
Nie ma etykietki, Dołącz pierwszą etykiete!

MARC

LEADER 00000 a a2200000 04500
001 5196
003
040
245 |a Por querer ser Chile se puede llegar a ser Venezuela 
773 |g volumen 58, número 651 -652; páginas 114-118  
999 |c 31437  |d 31437